Proper Names and Their Role in Social Ontology

Bibliographic Details
Main Author: Nagy, Marek (Author)
Format: Article
Language:English

MARC

LEADER 00000nab a2200000 a 4500
001 vtls011112957
003 SK-MaSNL
005 20260303150624.0
008 230222|2012 xo |||||||||||||||||eng|
015 |a SNBRB 
035 |a (uuid)3c3e1b0e-21bb-4b08-9c44-e92b63fd38d5 
035 |a (urnnbn)urn:nbn:sk:snk:ar-a08h2i 
035 |a urn:nbn:sk:snk-ab9jjc 
040 |a SNKBUCL  |b slo  |c SNKBUCL  |e AACR2 
041 0 |a eng 
044 |a xo  |c SK 
100 1 |a Nagy, Marek  |4 aut  |9 472372 
245 1 0 |a Proper Names and Their Role in Social Ontology  |c Marek Nagy 
773 0 |t Organon F : filozofický časopis  |g Roč. 19, č. supplementary issue no.2 (2012), s. [137]-147 
958 |a OND 
958 |a EUIPO 
958 |a article13 
999 |c 2012102  |d 2014032